Economic rules why economics works, when it fails, and how to tell the difference

Saved in:
Bibliographic Details
Main Author: Rodrik, Dani
Format: Book
Language:English
Published: New York Oxford University Press 2017
Subjects:
Tags: Add Tag
No Tags, Be the first to tag this record!

MARC

LEADER 00000nam a2200000 4500
001 0233363
005 20240313124820.3
020 |a 978-0-19-873690-5 
020 |a 978-0-19-873689-9 
041 0 |a eng 
044 |a US 
245 1 0 |a Economic rules  |b why economics works, when it fails, and how to tell the difference 
264 1 |a New York  |b Oxford University Press  |c 2017 
300 |a 253 s. 
610 2 0 |a ekonómia 
610 2 0 |a ekonómia politická 
610 2 0 |a myslenie ekonomické 
610 2 0 |a veda ekonomická 
610 2 0 |a zákony ekonomické 
100 1 |a Rodrik, Dani